Painting my father (Record no. 14230)

MARC details
000 - LÍDER
campo de control de longitud fija 01014nam a2200241Ia 4500
008 - ELEMENTOS DE DATOS DE LONGITUD FIJA - INFORMACIÓN GENERAL
campo de control de longitud fija 0000002012 usad 0000000000eng00
020 ## - INTERNATIONAL STANDARD BOOK NUMBER
International Standard Book Number 9780615583174
090 ## - NÚMERO DE LLAMADA DE TIPO LC LOCALMENTE ASIGNADO (OCLC)
Número de clasificación (OCLC) (R) PUS00 F27p
100 1# - ENTRADA PRINCIPAL - NOMBRE PERSONAL
Nombre de la persona Ferguson, MaX
Fechas asociadas a un nombre 1959
245 10 - TÍTULO DECLARACIÓN
Título Painting my father
Declaración de responsabilidad / Max Ferguson ; introduction by Gail Levin ; curador by Laura Kruger
260 ## - PUBLICACIÓN, DISTRIBUCIÓN
Lugar de publicación New York : Hebrew Union College, Jewish Institute of Religion Museum
Fecha de publicación 2012
300 ## - DESCRIPCIÓN FÍSICA
Alcance 40 p.
Dimensiones / 22 cm.
500 ## - NOTA GENERAL
Nota general Exposición realizada en Hebrew Union College, Jewish Institute of Religion Museum de Nueva York entre abril y junio de 2012 \ Incluye cronología artística \ Texto en inglés
600 00 - ENTRADA DE SUJETO AÑADIDO - NOMBRE PERSONAL
Nombre de la persona FERGUSON, MAX, 1959/
Subdivisión general TRABAJOS PICTORICOS
650 14 - ENTRADA DE SUJETO AÑADIDO - TÉRMINO TÓPICO
Término tópico o elemento de entrada del nombre geográfico PINTURA ESTADOUNIDENSE
650 14 - ENTRADA DE SUJETO AÑADIDO - TÉRMINO TÓPICO
Término tópico o elemento de entrada del nombre geográfico ARTE CONTEMPORANEO ESTADOUNIDENSE
650 14 - ENTRADA DE SUJETO AÑADIDO - TÉRMINO TÓPICO
Término tópico o elemento de entrada del nombre geográfico ARTISTAS PLASTICOS ESTADOUNIDENSES
650 14 - ENTRADA DE SUJETO AÑADIDO - TÉRMINO TÓPICO
Subdivisión general CATALOGOS
650 14 - ENTRADA DE SUJETO AÑADIDO - TÉRMINO TÓPICO
Subdivisión general EXPOSICIONES
650 14 - ENTRADA DE SUJETO AÑADIDO - TÉRMINO TÓPICO
Término tópico o elemento de entrada del nombre geográfico PINTURA DE RETRATOS
650 14 - ENTRADA DE SUJETO AÑADIDO - TÉRMINO TÓPICO
Término tópico o elemento de entrada del nombre geográfico REALISMO (ARTE)
700 1# - ENTRADA AGREGADA - NOMBRE PERSONAL
Nombre de la persona Levin, Gail \ ; Kruger, Laura
Holdings
Estado de retirada Pérdida de estatus Estado dañado No para préstamo Código de recogida Ubicación permanente Ubicación actual Ubicación de las estanterías Fecha de adquisición Número de llamada completo Código de barras Fecha de la última vez que se vio Número de copia Precio efectivo desde Tipo de artículo Koha
        General ArtNexus ArtNexus General 06/09/2022 P-US-00 F27P 14460 06/09/2022 Ej.1 06/09/2022 Libro

Powered by Koha